Civil society / (Record no. 3896)

000 -LEADER
fixed length control field 01193cam a2200373 a 4500
001 - CONTROL NUMBER
control field 10899573
003 - CONTROL NUMBER IDENTIFIER
control field Nust
005 - DATE AND TIME OF LATEST TRANSACTION
control field 20180117090019.0
008 - FIXED-LENGTH DATA ELEMENTS--GENERAL INFORMATION
fixed length control field 140314s2014 enk b 001 0 eng d
020 ## - INTERNATIONAL STANDARD BOOK NUMBER
International Standard Book Number 9780745679358 (hardback)
020 ## - INTERNATIONAL STANDARD BOOK NUMBER
International Standard Book Number 0745679358 (hardback)
020 ## - INTERNATIONAL STANDARD BOOK NUMBER
International Standard Book Number 9780745679365 (pbk.)
020 ## - INTERNATIONAL STANDARD BOOK NUMBER
International Standard Book Number 0745679366 (pbk.)
024 ## - OTHER STANDARD IDENTIFIER
Standard number or code 99959400963
035 ## - SYSTEM CONTROL NUMBER
System control number (OCoLC)876346562
035 ## - SYSTEM CONTROL NUMBER
System control number (OCoLC)ocn876346562
035 ## - SYSTEM CONTROL NUMBER
System control number (NNC)10899573
040 ## - CATALOGING SOURCE
Original cataloging agency CDX
Transcribing agency CDX
Modifying agency YDXCP
-- NhCcYBP
050 #4 - LIBRARY OF CONGRESS CALL NUMBER
Classification number JC337
Item number .E38 2014
082 04 - DEWEY DECIMAL CLASSIFICATION NUMBER
Classification number 300
Edition number 23
100 1# - MAIN ENTRY--PERSONAL NAME
Personal name Edwards, Michael,
Dates associated with a name 1957-
245 10 - TITLE STATEMENT
Title Civil society /
Statement of responsibility, etc. Michael Edwards.
250 ## - EDITION STATEMENT
Edition statement 3rd ed.
260 ## - PUBLICATION, DISTRIBUTION, ETC.
Place of publication, distribution, etc. Cambridge ;
-- Malden, MA :
Name of publisher, distributor, etc. Polity Press,
Date of publication, distribution, etc. 2014.
300 ## - PHYSICAL DESCRIPTION
Extent xi, 185 p. ;
Dimensions 23 cm.
500 ## - GENERAL NOTE
General note 1st ed. published in 2004 by Polity Press.
504 ## - BIBLIOGRAPHY, ETC. NOTE
Bibliography, etc. note Includes bibliographical references and index.
650 #0 - SUBJECT ADDED ENTRY--TOPICAL TERM
Topical term or geographic name entry element Civil society.
650 #0 - SUBJECT ADDED ENTRY--TOPICAL TERM
Topical term or geographic name entry element Social contract.
942 ## - ADDED ENTRY ELEMENTS (KOHA)
Source of classification or shelving scheme
Koha item type Book
948 1# - LOCAL PROCESSING INFORMATION (OCLC); SERIES PART DESIGNATOR (RLIN)
Series part designator, SPT (RLIN) 20140902
b (OCLC) c
c (OCLC) sl13
d (OCLC) MPS
Holdings
Withdrawn status Lost status Source of classification or shelving scheme Damaged status Not for loan Collection code Permanent Location Current Location Shelving location Date acquired Total Checkouts Total Renewals Full call number Barcode Date last seen Date last checked out Price effective from Koha item type
            Central Library (CL) Central Library (CL) General Stacks 01/03/2017 3 1 300 EDW S3H-S-896 01/24/2022 12/01/2021 01/03/2017 Book
© 2023 Central Library, National University of Sciences and Technology. All Rights Reserved.